Musical Instruments #2 - Statistics

General Stats
  • This quiz has been taken 46 times
  • The average score is 8 of 15
Answer Stats
Hint Answer % Correct
Second smallest member of the orchestral strings family Viola
98%
Pop bands often contain both acoustic and electric versions Guitar
86%
Lowest-pitched musical instrument in the brass family Tuba
74%
High-pitched brass instrument commonly associated with fanfares Trumpet
70%
Franz Liszt is best known for his compositions for this instrument Piano
65%
Stringed instrument of the lute family popular in India, Pakistan & Bangladesh Sitar
58%
5-stringed instrument used in jazz and folk music Banjo
56%
Like a metallic xylophone Glockenspiel
51%
Cymbal in a drum kit opened and closed by the player's foot Hi-hat
51%
Instrument which can be played without touching Theremin
44%
Family of instruments which can be played 'col legno' Strings
42%
Famously unusual and dramatic choice of instrument in Tchaikovsky's 1812 overture Cannon
37%
Brass instrument like a large French horn Sousaphone
23%
Group of instruments which preceded modern orchestral strings Viols
9%
The lowest instrument of the keyed bugle family Ophicleide
0%
No matching quizzes found
Score Distribution
Percent of People with Each Score
Percentile by Number Answered
Your Score History
You have not taken this quiz